00305nam a2200133Ia 4500003000500000008004100005020001800046040001900064082000700083245003100090260003000121300000800151546001200159STCL181203s9999 xx 000 0 und d a9781118407691 aSTCLbENcSTCL 222 0aWorld Literature in Theory bWiley BlackwellaUKc2014 a536 aEnglish